Представление документа в формате MARC21

Поле Инд. ПП Название Значение
Тип записи a
Библиографический уровень a
001 Контрольный номер c512964882564d5d96e8018a6ad038f6
005 Дата корректировки 20221206132755.8
041 0_ a Код языка текста rus
080 a Индекс УДК 625.083
097 b Оператор *Т*
100 1_ a Автор Масленников Д.Г.
245 10 a Заглавие Одноковшовый погрузчик с боковой разгрузкой
b Продолж. заглавия статья
p Название части/ раздела - Текст : электронный
260 a Место издания Тверь
b Издательство ТвГТУ
520 0_ a Аннотация в статье рассматривается вариант модернизации рабочего оборудования одноковшового погрузчика. В частности, предлагается конструкция ковша с боковой разгрузкой. Такое оборудование может быть применено в стесненных условиях производственных помещений, где фронтальная разгрузка ковша невозможна. Проведен анализ подобных рабочих органов погрузчиков, выявлены их преимущества и недостатки, предложена новая конструкция ковша.
653 0_ a Ключевые слова одноковшовый погрузчик, рабочее оборудование, боковая разгрузка, ковш, створки ковша, гидроцилиндр
700 12 a Другие авторы Павлов Ю.Н.
700 12 a Другие авторы Тарасов П.В.
773 18 w Контрольный № источника ee5ee90ba01244638c9e028a88440eef
t Название источника Теоретические исследования и экспериментальные разработки студентов и аспирантов : материалы Всероссийской (национальной) научно-практической конференции, 2022 г., Тверь : в 2 частях / под редакцией Т.Б. Новиченковой
d Место и дата издания Тверь : Тверской государственный технический университет, 2022
g Прочая информация Ч. 1. - С. 68-73
773 18 z ISBN 978-5-7995-1232-3
901 t Тип документа a
905 a Дата создания записи 27.10.22
950 a Редактор записи мс